Science technology & innovation policy review : Uganda (Record no. 79383)

MARC details
000 -LEADER
fixed length control field 01078nam a22002777a 4500
003 - CONTROL NUMBER IDENTIFIER
control field CBULib
005 - DATE AND TIME OF LATEST TRANSACTION
control field 20240415083726.0
008 - FIXED-LENGTH DATA ELEMENTS--GENERAL INFORMATION
fixed length control field 230623b |||||||| |||| 00| 0 eng d
020 ## - INTERNATIONAL STANDARD BOOK NUMBER
International Standard Book Number 9789211129861
040 ## - CATALOGING SOURCE
Original cataloging agency CBULib
Transcribing agency CBULib
Language of cataloging English
Description conventions rda
041 ## - LANGUAGE CODE
Language code of text/sound track or separate title eng
099 ## - LOCAL FREE-TEXT CALL NUMBER (OCLC)
Classification number UNCTAD(06)STIP/2020/2
110 ## - MAIN ENTRY--CORPORATE NAME
Corporate name or jurisdiction name as entry element United Nations Conference on Trade and Development(UNCTAD)
245 ## - TITLE STATEMENT
Title Science technology & innovation policy review : Uganda
Statement of responsibility, etc / by United Nations Conference on Trade and Development(UNCTAD)
260 ## - PUBLICATION, DISTRIBUTION, ETC. (IMPRINT)
Place of publication, distribution, etc Geneva :
Name of publisher, distributor, etc United Nations,
Date of publication, distribution, etc 2020
300 ## - PHYSICAL DESCRIPTION
Extent xvii, 110 pages : illustrations
336 ## - CONTENT TYPE
Source rdacontent
Content type term Text |
Content type code txt
337 ## - MEDIA TYPE
Source rdamedia
Media type term Unmediated |
Media type code n
338 ## - CARRIER TYPE
Source rdacarrier
Carrier type term Volume
Carrier type code nc
610 ## - SUBJECT ADDED ENTRY--CORPORATE NAME
Corporate name or jurisdiction name as entry element UNITED NATIONS CONFERENCE ON TRADE AND DEVELOPMENT(UNCTAD)
650 ## - SUBJECT ADDED ENTRY--TOPICAL TERM
Topical term or geographic name as entry element TECHNOLOGICAL INNOVATIONS--GOVERNMENT POLICY--UGANDA
650 ## - SUBJECT ADDED ENTRY--TOPICAL TERM
Topical term or geographic name as entry element SCIENCE AND INDUSTRY--GOVERNMENT POLICY--UGANDA
650 ## - SUBJECT ADDED ENTRY--TOPICAL TERM
Topical term or geographic name as entry element POLICY REVIEW--UGANDA
856 ## - ELECTRONIC LOCATION AND ACCESS
Uniform Resource Identifier <a href="https://unctad.org/system/files/official-document/dtlstict2020d4_en.pdf">https://unctad.org/system/files/official-document/dtlstict2020d4_en.pdf</a>
942 ## - ADDED ENTRY ELEMENTS (KOHA)
Koha item type INTERNATIONAL PUBLICATIONS
Source of classification or shelving scheme
Holdings
Withdrawn status Lost status Source of classification or shelving scheme Damaged status Not for loan Collection code Permanent Location Current Location Shelving location Date acquired Source of acquisition Total Checkouts Full call number Barcode Date last seen Copy number Price effective from Koha item type
          Special Collections CBU-MAIN LIBRARY, KITWE. CBU-MAIN LIBRARY, KITWE. Special Collections 06/23/2023 DEP-UNCTAD- United Conference on Trade and Development(UNCTAD)   UNCTAD(06)STIP/2020/2A B4380 06/23/2023 1 06/23/2023 INTERNATIONAL PUBLICATIONS
          Special Collections CBU-MAIN LIBRARY, KITWE. CBU-MAIN LIBRARY, KITWE. Special Collections 06/23/2023 DEP-UNCTAD- United Conference on Trade and Development(UNCTAD)   UNCTAD(06)STIP/2020/2B B4381 06/23/2023 2 06/23/2023 INTERNATIONAL PUBLICATIONS